00523nam a22001937a 450000500170000000800410001702000180005804000210007604100080009708200180010510000240012324500580014725000120020526000330021730000100025065000230026065000210028370000250030420220914141722.0220914b ||||| |||| 00| 0 eng d a9789385439599 aIN-DiNCcIN-DiNC dasm a301.0954bBOR aBora, Rajeneauthor aBharatar samajtattwa/cby Rajen Borah and Akhil Borah a3rd ed. aJorhat:bBidya bhawan,c2021 a328p. aSociology of India aIndian sociology aBorah, Akhileauthor